| 000 | 00813nam a22002177a 4500 | ||
|---|---|---|---|
| 003 | OSt | ||
| 005 | 20260316081858.0 | ||
| 008 | 260316b |||||||| |||| 00| 0 eng d | ||
| 020 | _a2003102525 | ||
| 040 |
_aDWCL GS lib _cOC |
||
| 082 | _aR797h 2003 | ||
| 100 | _aJ.K. ROWLING | ||
| 245 |
_aHarry Potter : and the order of the phoenix _cROWLING J.K. |
||
| 260 |
_a[S.I.] _bScholastic Press _c2003 |
||
| 300 |
_a870 p _c 23 cm |
||
| 520 | _afollows Harry’s fifth year at Hogwarts, marked by the Ministry of Magic's denial of Voldemort's return and the tyrannical, anti-Harry rule of Professor Dolores Umbridge. | ||
| 650 | _a Harry is forced to grow up quickly and take on the role of a leader. | ||
| 650 | _atruth persists despite suppression, friendship | ||
| 700 | _aROWLING J.K. | ||
| 942 |
_2ddc _cFIC. _n0 |
||
| 999 |
_c9163 _d9163 |
||